La moneda en Europa (Record no. 67577)

MARC details
000 -LEADER
campo de control de longitud fija 01211nam a2200301 i 4500
001 - NÚMERO DE CONTROL
campo de control 67577
003 - IDENTIFICADOR DE NÚMERO DE CONTROL
campo de control ES-MaACL
005 - FECHA Y HORA DE LA ÚLTIMA TRANSACCIÓN
campo de control 20250928123444.0
007 - CAMPO FIJO DE DESCRIPCIÓN FÍSICA--INFORMACIÓN GENERAL
campo de control de longitud fija t|
008 - DATOS DE LONGITUD FIJA--INFORMACIÓN GENERAL
campo de control de longitud fija 040604s2003 sp |||| | spa d
020 ## - NÚMERO INTERNACIONAL ESTÁNDAR DEL LIBRO
Número Internacional Estándar del Libro 84-368-1795-8
080 ## - NÚMERO DE LA CLASIFICACIÓN DECIMAL UNIVERSAL
Número de la Clasificación Decimal Universal 336.74(4)"15/19"
080 ## - NÚMERO DE LA CLASIFICACIÓN DECIMAL UNIVERSAL
Número de la Clasificación Decimal Universal 338.23(4):336.74"15/19"
245 03 - MENCIÓN DEL TÍTULO
Título La moneda en Europa
Resto del título : de Carlos V al euro /
Mención de responsabilidad, etc. coordinadores, Manuel Varela Parache, Juan José Durán Herrera.
260 ## - PUBLICACIÓN, DISTRIBUCIÓN, ETC.
Lugar de publicación, distribución, etc. Madrid :
Nombre del editor, distribuidor, etc. Pirámide,
Fecha de publicación, distribución, etc. [2003]
300 ## - DESCRIPCIÓN FÍSICA
Extensión 315 p. ;
Dimensiones 23 cm.
490 1# - MENCIÓN DE SERIE
Mención de serie Colección "Economía y gestión internacional"
504 ## - NOTA DE BIBLIOGRAFÍA, ETC.
Nota de bibliografía, etc. Bibliografía: p. 305-315.
594 ## - Nota al título y mención de responsabilidad
Nota al título y mención de responsabilidad Ponencia del seminario celebrado en Yuste y Jarandilla de la Vera, del 19 al 21 de octubre de 2000, y del encuentro celebrado en Granada, el 8 y 9 de marzo de 2002.
596 ## - NOTA AL PIE DE IMPRENTA
NOTA AL PIE DE IMPRENTA En port.: Fundación ICO; Centro Internacional Carlos V.
650 14 - PUNTO DE ACCESO ADICIONAL DE MATERIA--TÉRMINO DE MATERIA
Término de materia o nombre geográfico como elemento de entrada Moneda-
Subdivisión geográfica Europa-
Subdivisión de forma Historia.
9 (RLIN) 160457
651 ## - PUNTO DE ACCESO ADICIONAL DE MATERIA--NOMBRE GEOGRÁFICO
Nombre geográfico Europa-
Subdivisión general Política monetaria.
9 (RLIN) 174939
700 1# - ENTRADA AGREGADA--NOMBRE PERSONAL
Nombre de persona Varela, Manuel,
Fechas asociadas al nombre 1926-2011
9 (RLIN) 113142
700 1# - ENTRADA AGREGADA--NOMBRE PERSONAL
Nombre de persona Durán Herrera, Juan José.
9 (RLIN) 46222
830 0# - PUNTO DE ACCESO ADICIONAL DE SERIE-TÍTULO UNIFORME
Título uniforme Economía y gestión internacional
9 (RLIN) 230902
852 ## - LOCALIZACIÓN
Ubicación ES-MaACL
Número de control de estantería L-27779
Holdings
Estatus retirado Estado de pérdida Estado de daño No para préstamo Biblioteca de origen Biblioteca actual Ubicación en estantería Fecha de adquisición Fuente de adquisición Total de préstamos Signatura topográfica completa Código de barras Visto por última vez Precio de reemplazo Tipo de ítem Koha
        Biblioteca del Ateneo de Madrid Biblioteca del Ateneo de Madrid Depósito 2 17/01/2008     L-27779 1070758 23/02/2023 23/02/2023 Libro impreso